<?xml version="1.0" encoding="UTF-8"?><?xml-stylesheet type="text/xsl" href="static/style.xsl"?><OAI-PMH xmlns="http://www.openarchives.org/OAI/2.0/" xmlns:xsi="http://www.w3.org/2001/XMLSchema-instance" xsi:schemaLocation="http://www.openarchives.org/OAI/2.0/ http://www.openarchives.org/OAI/2.0/OAI-PMH.xsd"><responseDate>2026-04-28T19:52:43Z</responseDate><request verb="GetRecord" identifier="oai:uvadoc.uva.es:10324/13352" metadataPrefix="marc">https://uvadoc.uva.es/oai/request</request><GetRecord><record><header><identifier>oai:uvadoc.uva.es:10324/13352</identifier><datestamp>2022-08-24T08:41:39Z</datestamp><setSpec>com_10324_150</setSpec><setSpec>col_10324_696</setSpec></header><metadata><record xmlns="http://www.loc.gov/MARC21/slim" xmlns:doc="http://www.lyncode.com/xoai" xmlns:xsi="http://www.w3.org/2001/XMLSchema-instance" xmlns:dcterms="http://purl.org/dc/terms/" xsi:schemaLocation="http://www.loc.gov/MARC21/slim http://www.loc.gov/standards/marcxml/schema/MARC21slim.xsd">
<leader>00925njm 22002777a 4500</leader>
<datafield tag="042" ind1=" " ind2=" ">
<subfield code="a">dc</subfield>
</datafield>
<datafield tag="720" ind1=" " ind2=" ">
<subfield code="a">Ortíz de Amaya, Juan José</subfield>
<subfield code="e">author</subfield>
</datafield>
<datafield tag="260" ind1=" " ind2=" ">
<subfield code="c">1730</subfield>
</datafield>
<datafield tag="024" ind2=" " ind1="8">
<subfield code="a">CCPB000542429-1.</subfield>
</datafield>
<datafield tag="024" ind2=" " ind1="8">
<subfield code="a">http://uvadoc.uva.es/handle/10324/13352</subfield>
</datafield>
<datafield tag="024" ind2=" " ind1="8">
<subfield code="a">b1648701</subfield>
</datafield>
<datafield tag="024" ind2=" " ind1="8">
<subfield code="a">U/Bc Ms 445 (2)</subfield>
</datafield>
<datafield ind1=" " ind2=" " tag="653">
<subfield code="a">Obispos-Nominación y elección.</subfield>
</datafield>
<datafield tag="245" ind1="0" ind2="0">
<subfield code="a">Señor. Num. I. El zelo de V.Mag. notorio al mundo, por el mejor alivio de sus vasallos, y por la mayor exaltacion de esta monarchia, tiene formada una Real Junta, en que se trata de las supremas regalìas del Real Patronato, compuesta de Ministros de tanta integridad  ... / [Doct. Don Juan Josef Ortìz de Amaya]</subfield>
</datafield>
</record></metadata></record></GetRecord></OAI-PMH>